<The> Industrial Digitalization in Selected Countries of the World

Štvrtá priemyselná revolúcia vo svete. Priemysel 4.0 v Taliansku, Nemecku a v USA.

Salvato in:
Dettagli Bibliografici
Autore principale: Richnák, Patrik, 1988-
Natura: Capitolo di libro
Lingua:inglese
Soggetti:
Tags: Aggiungi Tag
Nessun Tag, puoi essere il primo ad aggiungerne!!

MARC

LEADER 00000naa$a2200000$$$4500
001 0261590
005 20240502074149.8
041 0 |a eng 
044 |a SK 
245 1 0 |a <The> Industrial Digitalization in Selected Countries of the World  |c Patrik Richnák 
520 |a Štvrtá priemyselná revolúcia vo svete. Priemysel 4.0 v Taliansku, Nemecku a v USA. 
610 2 0 |a digitalizácia 
610 2 0 |a revolúcia priemyselná 
610 2 0 |a technológie nové 
610 2 0 |a Taliansko 
610 2 0 |a Nemecko 
610 2 0 |a USA 
100 1 |a Richnák, Patrik, 1988-